LEADER 04507nam 2200661Ia 450 001 9910969213103321 005 20200520144314.0 010 $a9786612558764 010 $a9781282558762 010 $a1282558765 010 $a9789027288639 010 $a9027288631 035 $a(CKB)2550000000012156 035 $a(SSID)ssj0000423953 035 $a(PQKBManifestationID)11306941 035 $a(PQKBTitleCode)TC0000423953 035 $a(PQKBWorkID)10470983 035 $a(PQKB)10060926 035 $a(MiAaPQ)EBC623385 035 $a(Au-PeEL)EBL623385 035 $a(CaPaEBR)ebr10383973 035 $a(CaONFJC)MIL255876 035 $a(OCoLC)642206502 035 $a(DE-B1597)721415 035 $a(DE-B1597)9789027288639 035 $a(EXLCZ)992550000000012156 100 $a20091023d2010 uy 0 101 0 $aeng 135 $aurcn||||||||| 181 $ctxt 182 $cc 183 $acr 200 00$aNew approaches to Slavic verbs of motion /$fedited by Victoria Hasko, Renee Perelmutter 205 $a1st ed. 210 $aPhiladelphia, PA $cJohn Benjamins$d2010 215 $ax, 392 p 225 1 $aStudies in language companion series,$x0165-7763 ;$v115 300 $aBibliographic Level Mode of Issuance: Monograph 311 08$a9789027205827 311 08$a9027205825 320 $aIncludes bibliographical references and index. 327 $aContributors -- Introduction: verbs of motion in Slavic languages: paths for exploration / Victoria Hasko and Renee Perelmutter -- Part I. Diachrony of motion expressions: 1. Clause and text organization in early East Slavic with reference to motion and position expressions / Sarah Turner -- 2. Indeterminate motion verbs are denominal / Johanna Nichols -- 3. Common Slavic 'indeterminate' verbs of motion were really manner-of-motion verbs / Stephen M. Dickey -- 4. PIE inheritance and word-formational innovation in Slavic motion verbs in -i- / Marc L. Greenberg -- Part II. Synchronic approaches to aspect: 5. Perfectives from indeterminate motion verbs in Russian / Laura A. Janda -- 6. Aspects of motion: On the semantics and pragmatics of indeterminate aspect / Olga Kagan -- 7. Verbs of motion under negation in modern Russian / Renee Perelmutter -- Part III. Typological approach to the study of Slavic verbs of motion: 8. Semantic composition of motion verbs in Russian and English: The case of intra-typological variability / Victoria Hasko -- 9. Motion events in Polish: Lexicalization patterns and the description of Manner / Anetta Kopecka -- 10. The importance of being a prefix: Prefixal morphology and the lexicalization of motion events in Serbo-Croatian / Luna Filipovic? -- 11. Variation in the encoding of endpoints of motion in Russian / Tatiana Nikitina -- 12. Verbs of rotation in Russian and Polish / Ekaterina V. Rakhilina -- 13. Aquamotion verbs in Slavic and Germanic: A case study in lexical typology / Maria Koptjevskaja-Tamm, Dagmar Divjak and Ekaterina Rakhilina -- 14. Metaphorical walking: Russian idti as a generalized motion verb / Tore Nesset -- 15. Russian verbs of motion: Second language acquisition and cognitive linguistics perspectives / Kira Gor ... [et al.]. 330 $aThe results of three experiments comparing the processing of verbs of motion by late second language learners, American college students of Russian, and early starters, heritage speakers of Russian, are interpreted within the image-schematic framework developed in cognitive linguistics: the cross-linguistic typological approach introduced by Leonard Talmy (1985, 2000), the extension of this approach to Russian developed by Tore Nesset (2008), and the "thinking for speaking" hypothesis by Dan Slobin (1996). The results of the study support the claim that the system of verbs of motion is not fully acquired even in highly proficient second language learners. They typically lag behind not only native speakers, but also heritage speakers at the same proficiency levels. 410 0$aStudies in language companion series ;$v115. 606 $aSlavic languages$xVerb 606 $aMotion$vTerminology 615 0$aSlavic languages$xVerb. 615 0$aMotion 676 $a491.8/0456 701 $aHasko$b Victoria$01801263 701 $aPerelmutter$b Renee$01801264 801 0$bMiAaPQ 801 1$bMiAaPQ 801 2$bMiAaPQ 906 $aBOOK 912 $a9910969213103321 996 $aNew approaches to Slavic verbs of motion$94346402 997 $aUNINA